| 000 | 01082nam a2200301Ka 4500 | ||
|---|---|---|---|
| 003 | OCoLC | ||
| 005 | 20260604153532.0 | ||
| 008 | 120828s2012 sa abc b f000 0 eng d | ||
| 020 | _a9780621411805 | ||
| 020 | _a0621411809 | ||
| 035 | _a(OCoLC)808425156 | ||
| 040 |
_aOI@ _cOI@ |
||
| 043 | _af-sa--- | ||
| 090 | 0 | _aHC 905 OUR | |
| 245 | 0 | 0 |
_aOur future : _bmake it work : National Development Plan, 2030 / _cNational Planning Commission. |
| 246 | 3 | 4 |
_aNational Development Plan, 2030 : _bour future : make it work. |
| 260 |
_aPretoria : _bNational Planning Commission, _c2012. |
||
| 300 |
_a484 p. : _bill., maps, ports. ; _c30 cm. |
||
| 504 | _aIncludes bibliographical references. | ||
| 650 | 0 |
_aSustainable development _zSouth Africa. |
|
| 650 | 0 |
_aEconomic development _zSouth Africa. |
|
| 651 | 0 |
_aSouth Africa _xEconomic policy. |
|
| 651 | 0 |
_aSouth Africa _xSocial policy. |
|
| 651 | 0 |
_aSouth Africa _xEconomic conditions _y1991- |
|
| 651 | 0 |
_aSouth Africa _xSocial conditions _y1994- |
|
| 710 | 1 |
_aSouth Africa. _bNational Planning Commission. |
|
| 942 |
_2ddc _cBOOK _w570 _xG Nkuna _y570 _zG Nkuna |
||
| 999 |
_c799873 _d799872 |
||